[Event "Skopje op-B"]
[Site "Skopje"]
[Date "2023.12.07"]
[Round "2"]
[White "Jusufi, Ahmet"]
[Black "Milosevic, Milos R"]
[Result "1-0"]
[WhiteElo "1847"]
[BlackElo "1535"]
[PlyCount "39"]
[EventDate "2023.12.06"]
[EventType "swiss"]
[EventRounds "9"]
[EventCountry "MKD"]
[SourceTitle "CB51_2023"]
[SourceDate "2023.12.20"]
[SourceVersion "1"]
[SourceVersionDate "2023.12.20"]
[SourceQuality "1"]

1. e4 e6 2. Nc3 d5 3. Nf3 c5 4. exd5 exd5 5. Bb5+ Nc6 6. 0-0 Bg4 7. Re1+ Be7 8. h3 Be6 9. d4 a6 10. Bxc6+ bxc6 11. dxc5 Bxc5 12. Ng5 Qf6 13. Qe2 Kd7 14. Nxe6 Qxe6 15. Qd1 Qf5 16. Be3 Bd6 17. Na4 Kc7 18. Qd4 Rb8 19. Qa7+ Rb7 20. Bb6+ 1-0

[Event "Struga Lake Queen U18 op"]
[Site "Struga"]
[Date "2022.09.07"]
[Round "1"]
[White "Jusufi, Ahmet"]
[Black "Raftopoulos, Emmanouil"]
[Result "1/2-1/2"]
[WhiteElo "1595"]
[BlackElo "1379"]
[PlyCount "51"]
[EventDate "2022.09.07"]
[EventType "swiss"]
[EventRounds "7"]
[EventCountry "MKD"]
[SourceTitle "EXT 2023"]
[Source "ChessBase"]
[SourceDate "2022.10.05"]
[SourceVersion "1"]
[SourceVersionDate "2022.10.05"]
[SourceQuality "1"]

1. e4 c6 2. d4 d5 3. Nc3 dxe4 4. Nxe4 Bf5 5. Ng3 Bg6 6. h4 h6 7. h5 Bh7 8. c3 e6 9. Bd3 Bxd3 10. Qxd3 Nf6 11. Nf3 Nbd7 12. Ne4 Nxe4 13. Qxe4 Nf6 14. Qh4 Qd5 15. Qg3 Rc8 16. Ne5 Qe4+ 17. Kf1 Qc2 18. Qd3 Qxd3+ 19. Nxd3 c5 20. Be3 Nd5 21. Ne5 Nxe3+ 22. fxe3 Bd6 23. Nd3 0-0 24. Ke2 cxd4 25. exd4 e5 26. dxe5 1/2-1/2

[Event "EU-ch Schools U17"]
[Site "Rhodes"]
[Date "2022.04.28"]
[Round "8"]
[White "Jusufi, Ahmet"]
[Black "Ochedzan, Tymon"]
[Result "0-1"]
[WhiteElo "1679"]
[BlackElo "2261"]
[PlyCount "46"]
[EventDate "2022.04.21"]
[EventType "swiss"]
[EventRounds "9"]
[EventCountry "GRE"]
[SourceTitle "CBM 208 Extra"]
[Source "ChessBase"]
[SourceDate "2022.07.31"]
[SourceVersion "1"]
[SourceVersionDate "2022.07.31"]
[SourceQuality "1"]

1. e4 c5 2. Nf3 d6 3. d4 cxd4 4. Nxd4 Nf6 5. Nc3 a6 6. Be2 e5 7. Nb3 Be7 8. Be3 Be6 9. f3 0-0 10. Qd2 Nbd7 11. 0-0-0 b5 12. g4 Nb6 13. Kb1 b4 14. Bxb6 Qxb6 15. Nd5 Bxd5 16. exd5 a5 17. Nc1 a4 18. b3 Rfc8 19. Bc4 Qa5 20. h4 Nd7 21. Bd3 Rc3 22. Ne2 axb3 23. cxb3 Rxb3+ 0-1

[Event "EU-ch Schools U17"]
[Site "Rhodes"]
[Date "2022.04.25"]
[Round "5"]
[White "Diakidis Kostas, Michail Georgi"]
[Black "Jusufi, Ahmet"]
[Result "1/2-1/2"]
[WhiteElo "1384"]
[BlackElo "1679"]
[PlyCount "91"]
[EventDate "2022.04.21"]
[EventType "swiss"]
[EventRounds "9"]
[EventCountry "GRE"]
[SourceTitle "CBM 208 Extra"]
[Source "ChessBase"]
[SourceDate "2022.07.31"]
[SourceVersion "1"]
[SourceVersionDate "2022.07.31"]
[SourceQuality "1"]

1. e4 d5 2. exd5 Qxd5 3. Nc3 Qd8 4. d4 e6 5. Nf3 Nf6 6. Bd3 Be7 7. 0-0 0-0 8. a3 b6 9. Bf4 Bb7 10. Qe2 Nbd7 11. Rad1 Nh5 12. Bc1 g6 13. Rfe1 Re8 14. Ne5 Bg5 15. Bxg5 Qxg5 16. Be4 Nxe5 17. dxe5 Bxe4 18. Qxe4 Qe7 19. Rd3 Rad8 20. Red1 Rxd3 21. Qxd3 Nf4 22. Qd7 Kf8 23. Qxe7+ Rxe7 24. g3 Nh5 25. f4 Ng7 26. Rd8+ Re8 27. Rd7 Re7 28. Rd8+ Re8 29. Rxe8+ Nxe8 30. Kf2 Ke7 31. Ke3 c5 32. Ne4 h6 33. h3 Kd7 34. Nf6+ Nxf6 35. exf6 Kd6 36. Ke4 a6 37. b3 b5 38. c4 bxc4 39. bxc4 a5 40. a4 h5 41. g4 hxg4 42. hxg4 Kc6 43. Ke5 Kd7 44. g5 Kc6 45. Ke4 Kd6 46. Kd3 1/2-1/2

[Event "EU-ch Schools U17"]
[Site "Rhodes"]
[Date "2022.04.23"]
[Round "3"]
[White "Can, Isik"]
[Black "Jusufi, Ahmet"]
[Result "1-0"]
[WhiteElo "2423"]
[BlackElo "1679"]
[PlyCount "57"]
[EventDate "2022.04.21"]
[EventType "swiss"]
[EventRounds "9"]
[EventCountry "GRE"]
[SourceTitle "CBM 208 Extra"]
[Source "ChessBase"]
[SourceDate "2022.07.31"]
[SourceVersion "1"]
[SourceVersionDate "2022.07.31"]
[SourceQuality "1"]

1. e4 d5 2. exd5 Qxd5 3. Nc3 Qd8 4. d4 e6 5. Nf3 Nf6 6. Bg5 Be7 7. Bd3 Nc6 8. Qd2 0-0 9. 0-0-0 Nb4 10. Ne5 Nxd3+ 11. Qxd3 c6 12. h4 Nd5 13. Bxe7 Qxe7 14. Ne4 f6 15. Nf3 a5 16. Kb1 a4 17. h5 b5 18. h6 g6 19. Ka1 b4 20. Nc5 e5 21. Rde1 Bf5 22. Qc4 e4 23. Nd2 Rfe8 24. g4 Bxg4 25. Rxe4 Qd6 26. Rxg4 f5 27. Rgg1 Qf4 28. Nb1 Kh8 29. Nd3 1-0

[Event "KOS-ch"]
[Site "Pristina"]
[Date "2020.10.25"]
[Round "6"]
[White "Jusufi, Ahmet"]
[Black "Gashi, Gani"]
[Result "0-1"]
[WhiteElo "1692"]
[BlackElo "1768"]
[PlyCount "52"]
[EventDate "2020.10.10"]
[EventType "swiss"]
[EventRounds "9"]
[EventCountry "KOS"]
[SourceTitle "EXT 2022"]
[Source "ChessBase"]
[SourceDate "2021.10.06"]
[SourceVersion "1"]
[SourceVersionDate "2021.10.06"]
[SourceQuality "1"]

1. e4 c6 2. d4 e6 3. Nc3 Bb4 4. Nge2 d5 5. e5 c5 6. Be3 cxd4 7. Bxd4 Nc6 8. a3 Ba5 9. b4 Bc7 10. f4 Nge7 11. Ng3 Ng6 12. Qd2 f6 13. Bb5 fxe5 14. fxe5 0-0 15. Bxc6 bxc6 16. Qe3 a5 17. b5 cxb5 18. Nxb5 Ba6 19. Nxc7 Qxc7 20. Kd2 Rac8 21. c3 Nf4 22. Rhg1 Nd3 23. Rab1 Qc4 24. Rb6 Qa2+ 25. Kd1 Nf2+ 26. Kc1 Bd3 0-1